LEADER 00983nam a22002411i 4500 001 991001833699707536 005 20031223180616.0 008 040407s1948 gw a||||||||||||||||ger 035 $ab12830331-39ule_inst 035 $aARCHE-080995$9ExL 040 $aDip.to Scienze Storiche$bita$cA.t.i. Arché s.c.r.l. Pandora Sicilia s.r.l. 082 04$a738.52 100 1 $aGerster, Ernstwilhelm$0485385 245 14$aDas Dionysos-Mosaik in Köln :$bzweiunddreissig bilder mit einem text /$cvon Ernstwilhelm Gerster 260 $aBonn :$bL. Röhrscheid,$cc1948 300 $a17, 32 c. di tav. :$bill. ;$c21 cm 650 4$aMosaici$xColonia$xCattedrale 907 $a.b12830331$b02-04-14$c16-04-04 912 $a991001833699707536 945 $aLE009 ARTE MISC. 22/21 (Fondo Bottari)$g1$iLE009-3497/21$lle009$o-$pE0.00$q-$rn$so $t0$u0$v0$w0$x0$y.i13382366$z16-04-04 996 $aDionysos-Mosaik in Köln$9296236 997 $aUNISALENTO 998 $ale009$b16-04-04$cm$da $e-$fger$ggw $h4$i1 LEADER 01189nam a22002771i 4500 001 991002982489707536 005 20040618093847.0 008 040624s1981 be |||||||||||||||||fre 035 $ab13006599-39ule_inst 035 $aARCHE-096427$9ExL 040 $aDip.to Beni Culturali$bita$cA.t.i. Arché s.c.r.l. Pandora Sicilia s.r.l. 082 04$a949.3 100 1 $aBrulet, Raymond$0487920 245 10$aBraives gallo-romain /$cRaymond Brulet ; préface de Joseph Mertens ; contributions de Joseph Charlier ... [et al.] 260 $aLouvain-La-Neuve :$bInstitut supérieur d'archéologie et d'histoire de l'art,$c1981- 300 $av. ;$c26 cm 440 0$aPublications d'histoire de l'art et d'archéologie de l'Université catholique de Louvain ;$v26 651 4$aBelgio$xBraives$xScavi archeologici 700 1 $aMertens, Joseph 700 1 $aCharlier, Joseph 907 $a.b13006599$b02-04-14$c12-07-04 912 $a991002982489707536 945 $aLE001 AR VII 22 8$g1$i2001000123025$lle001$nC. 1$o-$pE0.00$q-$rl$s- $t0$u0$v0$w0$x0$y.i13616936$z12-07-04 996 $aBraives gallo-romain$9282645 997 $aUNISALENTO 998 $ale001$b12-07-04$cm$da $e-$ffre$gbe $h0$i1